Birds

Bibliographic Details
Main Author: Steele, Philip
Format: Book
Published: London : Macmillan London Ltd. , 1987
Subjects:

MARC

LEADER 00000cam a2200000 7i4500
001 0000008768
002 000009560
005 20000330.0
020 |a 0333514548 
090 0 0 |a J 598   |b STE 
100 1 |a Steele, Philip 
245 1 0 |a Birds   |c Philip Steele 
260 |a London :   |b Macmillan London Ltd. ,   |c 1987 
300 |a 32 p. :   |b ill ;   |c 17 cm. 
650 0 0 |a Birds of prey   |x Juvenile literature 
999 |a 027250   |b BUKU   |c PINJAMAN   |e PERPUSTAKAAN KOMUNITI PETALING JAYA